书目信息 |
| 题名: |
社会主义价格问题
|
|
| 作者: | 许毅 , 陈宝森 , 梁无瑕 著 | |
| 分册: | ||
| 出版信息: | 北京 中国财政经济出版社 1982.12 |
|
| 页数: | 331页 | |
| 开本: | 20cm | |
| 丛书名: | ||
| 单 册: | ||
| 中图分类: | F045.3 | |
| 科图分类: | ||
| 主题词: | 社会主义社会--生产方式 | |
| 电子资源: | ||
| ISBN: | ||
| 000 | 00651nam0 2200229 45 | |
| 001 | 0303190865 | |
| 005 | 20040421102523.5 | |
| 010 | @dCNY1.30 | |
| 091 | @a4166.405 | |
| 100 | @a20030319d1982 km y0chiy0120 ea | |
| 101 | 0 | @achi |
| 105 | @a z 000yy | |
| 200 | 1 | @a社会主义价格问题@AShe Hui Zhu Yi Jia Ge Wen Ti@f许毅,陈宝森,梁无瑕著@FXu Yi,Chen Bao Sen,Liang Wu Xia Zhu |
| 210 | @a北京@c中国财政经济出版社@d1982.12 | |
| 215 | @a331页@d20cm | |
| 606 | 0 | @a社会主义社会@x生产方式 |
| 690 | @aF045.3@v3 | |
| 701 | 0 | @a许毅@4著 |
| 701 | 0 | @a陈宝森@4著 |
| 701 | 0 | @a梁无瑕@4著 |
| 801 | @aCN@bTSTC@c20030319 | |
| 905 | @dF045.3@e42@f2@b114001-002 | |
| 社会主义价格问题/许毅,陈宝森,梁无瑕著.-北京:中国财政经济出版社,1982.12 |
| 331页;20cm |
| ISBN :CNY1.30 |
| ● |
| 相关链接 |
|
|
|
|
正题名:社会主义价格问题
索取号:F045.3/42
 
预约/预借
| 序号 | 登录号 | 条形码 | 馆藏地/架位号 | 状态 | 备注 |
| 1 | 0114001 | 000192348 | 第一样本阅览室/ [索取号:F045.3/42] | 在馆 | |
| 2 | 0114002 | 000192357 | 第一借阅区/ [索取号:F045.3/42] | 在馆 | |
| 3 | 0114003 | 001769036 | 密集书库/ [索取号:F045.3/42] | 在馆 | |
| 4 | 0114004 | 001769045 | 密集书库/ [索取号:F045.3/42] | 在馆 | |
| 5 | 0114005 | 001768279 | 密集书库/ [索取号:F045.3/42] | 在馆 |